Musical Theatre Antonyms - Statistics

General Stats
  • This quiz has been taken 357 times
  • The average score is 8 of 14
Answer Stats
Hint Answer % Correct
Dogs Cats
96%
Thawed Frozen
84%
Big Men Little Women
80%
North Atlantic South Pacific
77%
Sane for Me Crazy for You
75%
Ugly Boy Pretty Girl
70%
Les Heureux Les Miserables
67%
Buy Rent
64%
Smooth Shoes Kinky Boots
38%
My Dark Lord My Fair Lady
33%
Fall Dozing Off Spring Awakening
31%
Angelic Wicked
27%
Blessed Un-Americans Damn Yankees
12%
Sane People Follies
1%
No matching quizzes found
Score Distribution
Percent of People with Each Score
Percentile by Number Answered
Your Score History
You have not taken this quiz